Регионална библиотека "Любен Каравелов" - Русе

Избрано (Запис номер 31939)

MARC детайли
000 -Лидер
Контролно поле с фиксирана дължина 01219nam a2200313 c 4500
003 - Код на организацията, давaща контролен номер
Контролно поле BLK
005 - Дата и час на последна редакция
Контролно поле 20240731062730.0
008 - Елементи от данни с фиксирана дължина
fixed length control field 180407b bul|||||r ||||||| ||bul||
010 ## - Наследен системен номер
LC control number KNG00034607000
020 ## - Международен стандартен номер на книга ISBN
Международен стандартен номер на книга ISBN 954-426-276-8
-- издат.: Анубис
040 ## - Източник на каталожния запис
Идентификатор на билиотеката - собственик на записа BLK
041 ## - Код за език
Код за езика на текст/звукозапис или на отделно заглавие Български
Код за езика КДБФ Български
080 ## - УДК
Текстов определител УДК Българска литература
УДК код - определител по УДК 821.163.2
УДК определител -32
УДК - код + определител 821.163.2-32
100 1# - Редна дума - Автор
Автор Радичков, Йордан Димитров
Дати, свързани с автора 1929-2004
R(LIN) 429765
139 ## - Редно поле
Редна дума Радичков, Йордан
Авторски знак Ради - Р 14
245 10 - Сведения за заглавието
Заглавие Избрано
Редно поле (дума) Йордан Радичков; рис. Светлин Русев.
257 ## - Страна на издаване
Страна на създаване/издаване България
260 ## - Област на издателските данни
-- София
Име на издателя, разпространителя и проч. Анубис
Година на издаване 2000
Печатница (София : Пк Д. Благоев)
300 ## - Физическа характеристика
Страници 311 с.
Илюстрации и др. с ил.
Размери/Мащаб 22 см
380 ## - Жанр
Жанр Худож. лит.
490 1# - СЕРИИ (Колекции)
Име на серия Колекция Холограма = Hologram collection
700 ## - Други автори (авторска отговорност)
Лично име Русев, Светлин
Пълна форма на името Вълчев, Светлин Русев
Дати, свързани с автора 1933-2018
Друга информация Български художник, общественик, академик в БАН
9 (RLIN) 381023
852 ## - Местоположение
Форматна сигнатура Цб 206803
856 4# - Електронен адрес и достъп
Електронен формат pdf - файл
Път до файла /url/
856 4# - Електронен адрес и достъп
Електронен формат pdf - файл
Път до файла /url/
942 ## - АРТИКУЛИ
Вид на библиотечния материал Книги
Скрит в OPAC Не
944 ## - СЪЗДАВАНЕ И РЕДАКЦИЯ на ЗАПИСА
Създаване/Редакция Създаване
Дата на регистрацията/редакция 15.01.2003
Служител, извършил регистрацията/редакцията 30550
Статус, дата на статуса Кети Илиева
944 ## - СЪЗДАВАНЕ И РЕДАКЦИЯ на ЗАПИСА
Създаване/Редакция Редакция
Дата на регистрацията/редакция 15.01.2003
Служител, извършил регистрацията/редакцията
999 ## - СИСТЕМНИ КОНТРОЛНИ НОМЕРА
Koha biblionumber 31939
Koha biblioitemnumber 31939
Наличности
Код за отписване Код за изгубен артикул Източник на класификационната схема Код за повреда Коз за рестрикции Код за отдаване Артикулен № Име на библиотеката - собственик Име на библиотеката, в която се намира в момента Статус (Текущо местоположение) Дата на вписване в системата Местоположение - отдел Цена в лева Инвентарен номер Систематично азбучна сигнатура Баркод Номер на екземпляра Цена в евро Служебен тип на артикула
  Не е изгубен Universal Decimal Classification Не е повреден без рестрикции ползва се в читалня 50844 Регионална библиотека "Любен Каравелов" Русе Регионална библиотека "Любен Каравелов" Русе Хранилище 2001-01-01 Хранилище 13.00 661058 Цб 206803 120000661058 1 6.65 Книги
Vip Innovations Ltd, Rousse, Bulgaria 2025